Holdingová strategie
Z histórie holdingov v Čechách a vo svete. Vznik mnohoodborových veľkopodnikov. Zmysluplnosť holdingu - vytvoriť náležitú holdingovú konkurenčnú výhodu. Holdingová stratégia. Úloha vedenia holdingu. Príklady holdingov (General Electric, Unilever, ABB, Canon).
Enregistré dans:
| Auteur principal: | |
|---|---|
| Format: | Chapitre de livre |
| Langue: | tchèque |
| Sujets: | |
| Tags: |
Pas de tags, Soyez le premier à ajouter un tag!
|
MARC
| LEADER | 00000naa a2200000 4500 | ||
|---|---|---|---|
| 001 | r018560 | ||
| 005 | 20221208131003.0 | ||
| 041 | 0 | |a cze | |
| 044 | |a CZ | ||
| 245 | 1 | 0 | |a Holdingová strategie |c J. Jirásek |
| 520 | |a Z histórie holdingov v Čechách a vo svete. Vznik mnohoodborových veľkopodnikov. Zmysluplnosť holdingu - vytvoriť náležitú holdingovú konkurenčnú výhodu. Holdingová stratégia. Úloha vedenia holdingu. Príklady holdingov (General Electric, Unilever, ABB, Canon). | ||
| 610 | 2 | 0 | |a spoločnosti holdingové |
| 610 | 2 | 0 | |a Česko |
| 610 | 2 | 0 | |a svet |
| 610 | 2 | 0 | |a konkurencia |
| 610 | 2 | 0 | |a formy podnikov |
| 610 | 2 | 0 | |a zlučovanie podnikov |
| 100 | 1 | |a Jirásek, J. | |